Sports Quiz

Random Sports or NCAA Quiz

NCAA D-1 Nickname per State Quiz Stats

 Plays Quiz Updated Jul 25, 2018

Challenge
Share
Tweet
Embed
Score 0/41 Timer 04:00
2 Plays Today
State Nicknames % Correct
FloridaBulls, Gators...
97.8%
AlabamaBlazers, Crimson Tide...
97.6%
GeorgiaBulldogs, Yellow Jackets...
96.8%
CaliforniaAztecs, Bruins...
96.3%
ArizonaSun Devils, Wildcats
96.2%
ArkansasRazorbacks, Red Wolves...
95.9%
KansasJayhawks, Wildcats...
94.5%
KentuckyCardinals, Hilltoppers...
94.2%
MichiganBroncos, Chippewas...
93.9%
ConnecticutHuskies
93.7%
IndianaBoilermakers, Cardinals...
93.5%
IowaCyclones, Hawkeyes
91.5%
NebraskaCornhuskers
91%
LouisianaBulldogs, Green Wave...
90.8%
IllinoisHuskies, Fighting Illini...
89.8%
North CarolinaBlue Devils, Demon Deacons...
88.5%
OhioBearcats, Bobcats...
87.5%
OregonBeavers, Ducks
87.3%
OklahomaCowboys, Golden Hurricane...
87%
ColoradoBuffaloes, Falcons...
86.7%
MissouriTigers
86.3%
State Nicknames % Correct
MinnesotaGolden Gophers
86.1%
MississippiBulldogs, Golden Eagles...
83.6%
MarylandMidshipmen, Terrapins
83.6%
TexasAggies, Bears...
82.2%
South CarolinaGamecocks, Tigers, Chanticleers
81.4%
TennesseeBlue Raiders, Commodores...
80.7%
PennsylvaniaNittany Lions, Owls...
79.3%
MassachusettsEagles, Minutemen
75.6%
New YorkBlack Knights, Bulls...
75.3%
New MexicoAggies, Lobos
74.3%
UtahAggies, Cougars...
73.5%
HawaiiWarriors
73.5%
IdahoBroncos, Vandals
73.3%
NevadaRebels, Wolf Pack
73%
VirginiaCavaliers, Hokies...
72.4%
WashingtonCougars, Huskies
71.8%
WisconsinBadgers
71.5%
West VirginiaMountaineers, Thundering Herd
67.3%
New JerseyScarlet Knights
64.6%
WyomingCowboys
59.7%

You're not logged in!

Compare scores with friends on all Sporcle quizzes.
OR
Log In

You Might Also Like...

Show Comments

Extras

Top Quizzes Today


Score Distribution

Your Account Isn't Verified!

In order to create a playlist on Sporcle, you need to verify the email address you used during registration. Go to your Sporcle Settings to finish the process.

Report this User

Report this user for behavior that violates our Community Guidelines.

Details: